| 000 | 00583nam a2200205 a 4500 | ||
|---|---|---|---|
| 005 | 20240924071134.0 | ||
| 008 | 090604s2006 mx r 000 0 spa d | ||
| 020 | _a958828301 | ||
| 035 | _aUPN01000170976 | ||
| 049 | _aCG | ||
| 050 | 4 |
_aPQ6663 A7.7 _bS9.3 |
|
| 100 | 1 | _aMartín Cea, José Luis | |
| 245 | 1 | 4 |
_aLos sueños no olvidados / _cJosé Luis Martín Cea. |
| 260 |
_aSevilla, Esp. : _bAlhulia, _cc2006. |
||
| 300 | _a50 p. | ||
| 440 | 0 |
_aPalabras mayores. _ppoesía ; _v27 |
|
| 650 | 4 |
_aPoesía española _91237 |
|
| 650 | 4 |
_aLiteratura española _95069 |
|
| 905 | _aLibro | ||
| 999 |
_c143081 _d143081 |
||